| 000 | 01126cam a2200289 a 4500 | ||
|---|---|---|---|
| 999 |
_c10315 _d10315 |
||
| 003 | OSt | ||
| 005 | 20220314133531.0 | ||
| 008 | 060112s2006 nyua b 001 0 eng | ||
| 020 | _a1568985584 (alk. paper) | ||
| 040 |
_aDLC _cDLC _dDLC |
||
| 042 | _apcc | ||
| 050 | 0 | 0 |
_aNA4100 _b.B45 2006 |
| 082 | 0 | 0 |
_a721/.044 _222 _bVIC |
| 100 | 1 | _aBell, Victoria Ballard. | |
| 245 | 1 | 0 |
_aMaterials for design / _cVictoria Ballard Bell with Patrick Rand. |
| 260 |
_aNew York : _bPrinceton Architectural Press, _cc2006. |
||
| 300 |
_a270 p. : _bill. (chiefly col.) ; _c29 cm. |
||
| 504 | _aIncludes bibliographical references (p. 268) and index. | ||
| 650 | 0 | _aBuilding materials. | |
| 650 | 0 | _aArchitectural design. | |
| 650 | 0 |
_aArchitecture, Modern _y21st century. |
|
| 700 | 1 |
_aRand, Patrick, _d1950- |
|
| 856 | 4 | 1 |
_3Table of contents only _uhttp://www.loc.gov/catdir/toc/ecip066/2006001194.html |
| 856 | 4 | 2 |
_3Publisher description _uhttp://www.loc.gov/catdir/enhancements/fy0722/2006001194-d.html |
| 856 | 4 | 2 |
_3Contributor biographical information _uhttp://www.loc.gov/catdir/enhancements/fy0738/2006001194-b.html |
| 942 | _2ddc | ||